<?xml version="1.0" encoding="UTF-8"?>
<collection xmlns="http://www.loc.gov/MARC21/slim">
<record>
  <controlfield tag="001">96927</controlfield>
  <controlfield tag="005">20251001112458.0</controlfield>
  <controlfield tag="008">200820s1626    sp      r     ||| | spa d</controlfield>
  <datafield tag="037" ind1=" " ind2=" ">
    <subfield code="a">D_83_170</subfield>
  </datafield>
  <datafield tag="040" ind1=" " ind2=" ">
    <subfield code="a">AR</subfield>
    <subfield code="b">spa</subfield>
    <subfield code="c">PAB</subfield>
    <subfield code="d">ES-ZaU</subfield>
    <subfield code="e">rdc</subfield>
  </datafield>
  <datafield tag="110" ind1="1" ind2=" ">
    <subfield code="a">Barbastro (Diócesis).</subfield>
    <subfield code="b">Sínodo (</subfield>
    <subfield code="d">1626)</subfield>
  </datafield>
  <datafield tag="245" ind1="1" ind2="0">
    <subfield code="a">Constituciones synodales del Obispado de Barbastro /</subfield>
    <subfield code="c">hechas por ... D. F. Alphonso de Requesens y Fenollet, Obispo de Barbastro ... ; estan impressas en este volumen por mandamiento de su Señoria las Cõ stituciones de los ... obispos sus predecessores D. F. Geronymo Baptista de la Nuça y D. Pedro Apaolaça.</subfield>
  </datafield>
  <datafield tag="260" ind1=" " ind2=" ">
    <subfield code="a">En Çaragoça :</subfield>
    <subfield code="b">por Pedro Cabarte ...,</subfield>
    <subfield code="c">1626.</subfield>
  </datafield>
  <datafield tag="300" ind1=" " ind2=" ">
    <subfield code="a">103 p. ;</subfield>
    <subfield code="c">4º.</subfield>
  </datafield>
  <datafield tag="506" ind1=" " ind2=" ">
    <subfield code="a">Access copy available to the general public</subfield>
    <subfield code="f">Unrestricted</subfield>
  </datafield>
  <datafield tag="540" ind1=" " ind2=" ">
    <subfield code="9">info:eu-repo/semantics/openAccess</subfield>
    <subfield code="a">by</subfield>
    <subfield code="u">https://creativecommons.org/licenses/by/4.0/deed.es</subfield>
  </datafield>
  <datafield tag="597" ind1=" " ind2=" ">
    <subfield code="a">Sign.: A\p4\s, B-F\p8\s, G\p4\s.</subfield>
  </datafield>
  <datafield tag="597" ind1=" " ind2=" ">
    <subfield code="a">Primera port. con esc. grab. calc.</subfield>
  </datafield>
  <datafield tag="597" ind1=" " ind2=" ">
    <subfield code="a">Segunda y tercera port. con grab. xil.</subfield>
  </datafield>
  <datafield tag="650" ind1="0" ind2="4">
    <subfield code="a">Concilios y sínodos</subfield>
    <subfield code="y">1626.</subfield>
    <subfield code="z">Barbastro</subfield>
  </datafield>
  <datafield tag="700" ind1="1" ind2=" ">
    <subfield code="a">Requesens y Fenollet, Alfonso de</subfield>
    <subfield code="c">(O.F.M.),</subfield>
    <subfield code="d">1570-1639.</subfield>
  </datafield>
  <datafield tag="752" ind1=" " ind2=" ">
    <subfield code="a">España</subfield>
    <subfield code="b">Aragón</subfield>
    <subfield code="d">Zaragoza.</subfield>
  </datafield>
  <datafield tag="856" ind1="4" ind2=" ">
    <subfield code="s">10096181</subfield>
    <subfield code="u">http://zaguan.unizar.es/record/96927/files/D_83_170.pdf</subfield>
    <subfield code="y">Texto completo (PDF)</subfield>
  </datafield>
  <datafield tag="856" ind1="4" ind2=" ">
    <subfield code="s">104105</subfield>
    <subfield code="u">http://zaguan.unizar.es/record/96927/files/METS_carga_D_83_170.xml</subfield>
    <subfield code="y">Fichero METS</subfield>
  </datafield>
  <datafield tag="856" ind1="4" ind2=" ">
    <subfield code="s">94269</subfield>
    <subfield code="u">http://zaguan.unizar.es/record/96927/files/D_83_170.jpg?subformat=icon</subfield>
    <subfield code="x">icon</subfield>
    <subfield code="y">Texto completo (PDF)</subfield>
  </datafield>
  <datafield tag="907" ind1=" " ind2=" ">
    <subfield code="a">.b1863493x</subfield>
    <subfield code="b">26-08-20</subfield>
    <subfield code="c">06-09-17</subfield>
  </datafield>
  <datafield tag="909" ind1="C" ind2="O">
    <subfield code="o">oai:zaguan.unizar.es:96927</subfield>
    <subfield code="p">fondo-historico</subfield>
    <subfield code="p">driver</subfield>
  </datafield>
  <datafield tag="927" ind1="1" ind2=" ">
    <subfield code="a">100</subfield>
    <subfield code="b">pm</subfield>
    <subfield code="d">200820</subfield>
  </datafield>
  <datafield tag="945" ind1=" " ind2=" ">
    <subfield code="a">D-83-170</subfield>
    <subfield code="g">1</subfield>
    <subfield code="l">100an</subfield>
    <subfield code="n">DIGITALIZACION 2020</subfield>
    <subfield code="o">d</subfield>
    <subfield code="p">&amp;#x20ac;0.00</subfield>
    <subfield code="q">-</subfield>
    <subfield code="r">f</subfield>
    <subfield code="s">-</subfield>
    <subfield code="t">20</subfield>
    <subfield code="u">0</subfield>
    <subfield code="v">0</subfield>
    <subfield code="w">0</subfield>
    <subfield code="x">0</subfield>
    <subfield code="y">.i22744721</subfield>
    <subfield code="z">20-08-20</subfield>
  </datafield>
  <datafield tag="970" ind1=" " ind2=" ">
    <subfield code="a">CCPB000050402-5</subfield>
  </datafield>
  <datafield tag="980" ind1=" " ind2=" ">
    <subfield code="a">FH</subfield>
    <subfield code="b">fondos</subfield>
  </datafield>
  <datafield tag="998" ind1=" " ind2=" ">
    <subfield code="a">100</subfield>
    <subfield code="b">20-08-20</subfield>
    <subfield code="c">m</subfield>
    <subfield code="d">a</subfield>
    <subfield code="e">a</subfield>
    <subfield code="f">spa</subfield>
    <subfield code="g">sp</subfield>
    <subfield code="h">0</subfield>
    <subfield code="i">0</subfield>
  </datafield>
</record>
</collection>